[Event "Slavonija Swiss"]
[Site "Vukovar CRO"]
[Date "2001.08.08"]
[Round "6"]
[White "Vukic,M"]
[Black "Hodak,S"]
[Result "1-0"]
[WhiteElo "2471"]
[BlackElo "2288"]

1.Nf3 d5 2.g3 Nf6 3.Bg2 e6 4.O-O Be7 5.c4 O-O 6.d4 Nbd7 7.Qc2 b6 8.cxd5 exd5
9.Nc3 Bb7 10.Rd1 Rc8 11.Bg5 Ne4 12.Bxe7 Qxe7 13.e3 Rfd8 14.Qb3 Ndf6 15.Bh3 Ra8
16.Rac1 Bc8 17.Bxc8 Raxc8 18.Ne5 c5 19.Qa4 Qb7 20.Nxe4 Nxe4 21.dxc5 bxc5
22.Qb3 Qxb3 23.axb3 f6 24.Nd3 c4 25.Nb4 Kf7 26.bxc4 dxc4 27.Rxd8 Rxd8 28.Rxc4 f5
29.Rd4 Rxd4 30.exd4 a5 31.Nc6 a4 32.Ne5+ Ke6 33.Nc4 Kd5 34.Nb6+ Kxd4 35.Nxa4 Kc4
36.f3 Nd6 37.Kf2 Kb3 38.Nc5+ Kxb2 39.Ne6 Kc3 40.Ke3 Ne8 41.Kf4 Kd3 42.Kxf5 Ke3
43.f4 Kf2 44.Ke5 Kg2 45.f5 g6 46.Ng7 Nd6 47.Kxd6 gxf5 48.Ke5 Kxh2  1-0

[Event "Slavonija Swiss"]
[Site "Vukovar CRO"]
[Date "2001.08.08"]
[Round "7"]
[White "Kirov,N"]
[Black "Szuhanek,R"]
[Result "0-1"]
[WhiteElo "2422"]
[BlackElo "2435"]

1.Nf3 d5 2.g3 Nf6 3.Bg2 Bg4 4.c4 c6 5.cxd5 cxd5 6.O-O Nc6 7.d3 e6 8.Bg5 Be7
9.Nbd2 O-O 10.a3 h6 11.Bxf6 Bxf6 12.Rb1 a5 13.Re1 a4 14.Nf1 Qb6 15.Ne3 Bxf3
16.Bxf3 Nd4 17.Bg2 Rfc8 18.Qd2 Bg5 19.h4 Nb3 20.Qb4 Bxe3 21.fxe3 Qxe3+ 22.Kh2 Nd4
23.Rf1 Rc2 24.Rbe1 Rxe2 25.Rxe2 Nxe2 26.Rf3 Qg1+ 27.Kh3 Qd4  0-1

[Event "Strange Badger"]
[Site "Bucharest ROM"]
[Date "2001.08.09"]
[Round "5"]
[White "Vezdeutsan,V"]
[Black "Grigore,N"]
[Result "1-0"]
[WhiteElo "2264"]
[BlackElo "2407"]

1.Nf3 d5 2.g3 Nf6 3.Bg2 Bg4 4.c4 c6 5.cxd5 cxd5 6.Ne5 Nc6 7.Nxg4 Nxg4 8.Nc3 e6
9.e4 Nf6 10.exd5 exd5 11.O-O Be7 12.Qb3 O-O 13.Nxd5 Nxd5 14.Qxd5 Qb6 15.d3 Rad8
16.Qf3 Bc5 17.b3 Qa6 18.Bb2 Rxd3 19.Qf5 Rd2 20.Bxg7 Bxf2+ 21.Kh1 Kxg7 22.Qg5+ Kh8
23.Qxd2 Bd4 24.Rac1 Bg7 25.Bxc6 bxc6 26.Rc4 c5 27.Qd5 Bd4 28.b4 f6 29.bxc5 Be5
30.Rf2 Qa5 31.Rh4 Qc7 32.Rd2 Qg7 33.Qe6 Rb8 34.Rd7 Rb1+ 35.Kg2 Rb2+ 36.Kf3 Qg8
37.Rhxh7+ Qxh7 38.Qe8+  1-0

[Event "Asian Championships"]
[Site "Calcutta IND"]
[Date "2001.08.09"]
[Round "1"]
[White "Harikrishna,P"]
[Black "Abdulla,Al"]
[Result "1/2-1/2"]
[WhiteElo "2522"]
[BlackElo "2393"]

1.Nf3 d5 2.g3 c6 3.Bg2 Bg4 4.O-O Nd7 5.d3 e6 6.Nbd2 Bd6 7.c4 Ngf6 8.cxd5 cxd5
9.h3 Bh5 10.Nd4 O-O 11.N2f3 Bxf3 12.Bxf3 Qb6 13.e3 Rfc8 14.a4 a6 15.a5 Qc7
16.Bd2 Nc5 17.Be1 b5 18.axb6 Qxb6 19.Bc3 Bf8 20.Bg2 Nfd7 21.f4 a5 22.Kh2 Qa6
23.f5 e5 24.Bxd5 exd4 25.Bxd4 Nxd3 26.Bxa8 Rxa8 27.Qe2 N3c5 28.Qxa6 Rxa6
29.Bc3 a4 30.Rfd1 f6 31.Kg2 Rc6 32.g4 Kf7 33.Rac1 Bd6 34.Bb4 Ke7 35.Rd4 Rb6
36.Rcd1 Nb7 37.Ba3 Ra6 38.g5 fxg5 39.Re4+ Kd8 40.Red4 Kc7 41.Rc4+ Kd8 42.Rcd4 Ke7  1/2-1/2

[Event "12th Sueder Summer"]
[Site "Recklinghausen GER"]
[Date "2001.08.09"]
[Round "6"]
[White "Podzielny,KH"]
[Black "Feygin,M"]
[Result "1/2-1/2"]
[WhiteElo "2477"]
[BlackElo "2461"]

1.Nf3 d5 2.g3 Nf6 3.Bg2 c6 4.b3 Bg4 5.Bb2 Nbd7 6.O-O e6 7.c4 Bd6 8.d3 O-O
9.Nbd2 a5 10.a3 e5 11.h3 Bh5 12.Nh4 Re8 13.Re1 Bg6 14.Nxg6 hxg6 15.e3 Rc8
16.Qc2 Qe7 17.Rec1 Rcd8 18.cxd5 cxd5 19.Nb1 Nc5 20.d4 Nce4 21.Rd1 Rd7 22.Qd3 Rc8
23.Nd2 exd4 24.Bxd4 Bxa3 25.Nxe4 dxe4 26.Qb5 Rd5 27.Bxf6 Rxb5 28.Bxe7  1/2-1/2

[Event "Smith & Williamson ch-GBR"]
[Site "Scarborough HUN"]
[Date "2001.08.09"]
[Round "10"]
[White "Moore,G"]
[Black "Addison,B"]
[Result "1/2-1/2"]
[WhiteElo "2194"]
[BlackElo "2218"]

1.Nf3 d5 2.g3 Nf6 3.Bg2 e6 4.O-O Be7 5.c4 O-O 6.b3 c5 7.Bb2 Nc6 8.e3 d4 9.exd4 cxd4
10.Re1 Bd6 11.Nxd4 Nxd4 12.Bxd4 Bxg3 13.hxg3 Qxd4 14.Nc3 Rd8 15.Nb5 Qb6 16.d4 a6
17.Nc3 Rxd4 18.Na4 Qd8 19.Qxd4 Qxd4 20.Rad1 Qd7 21.Rxd7 Nxd7 22.c5 Kf8 23.Rc1 Rb8
24.Nb6 Ke7 25.b4 Kd8 26.a3 Ne5 27.a4 Kc7 28.b5 axb5 29.axb5 g5 30.f4 gxf4
31.gxf4 Ng6 32.Rc4 Nf8 33.Ra4 Nd7 34.Na8+ Kd8 35.c6 bxc6 36.bxc6 Rb1+ 37.Kh2 Nb6
38.Rd4+ Ke7 39.Nxb6 Rxb6 40.c7 Rd6 41.Rc4 Kd7 42.f5 exf5 43.Kg3 Rg6+ 44.Kf2 Ra6
45.Kg3 Ra7 46.Rh4 Ra3+ 47.Kf2 Kxc7 48.Rxh7 Be6 49.Bh3 Ra5 50.Rh8 Kd6 51.Rd8+ Ke5
52.Rd2 Ra4 53.Bg2 Kf4 54.Bf3 Ra3 55.Rd4+ Kg5 56.Rd2 f4 57.Rc2 Bg4 58.Bxg4 Kxg4
59.Rb2 Rh3 60.Rb8 Rh2+ 61.Kg1 Ra2 62.Rb3 f5 63.Kf1 Rh2 64.Kg1 Re2 65.Kf1 Re3
66.Rb2 f3 67.Rb8 Re2 68.Rg8+ Kf4 69.Ra8 Rg2 70.Ra7 Rh2 71.Ra8 Rh5 72.Kf2 Rh2+
73.Kf1 f2 74.Ra4+ Kg3 75.Ra3+ Kg4 76.Ra8 f4 77.Ra3 Kf5 78.Ra4 Kg5 79.Rb4 Kg4
80.Rb3 Rh3 81.Rxh3 Kxh3 82.Kxf2 Kg4 83.Kg2 f3+ 84.Kf2 Kf4 85.Kf1 Kg3 86.Kg1 f2+
87.Kf1  1/2-1/2

[Event "Slavonija Swiss"]
[Site "Vukovar CRO"]
[Date "2001.08.09"]
[Round "8"]
[White "Vukic,M"]
[Black "Novakovic,D"]
[Result "1-0"]
[WhiteElo "2471"]
[BlackElo "2388"]

1.Nf3 d5 2.g3 Nf6 3.Bg2 e6 4.O-O Be7 5.c4 O-O 6.b3 b6 7.Bb2 Bb7 8.cxd5 exd5
9.d4 Nbd7 10.Nc3 c5 11.Rc1 Rc8 12.e3 a6 13.dxc5 Nxc5 14.Qe2 Nfe4 15.Rfd1 Nxc3
16.Bxc3 Bf6 17.Nd4 Qd7 18.Qh5 g6 19.Qh6 Bh8 20.Ne2 Ne6 21.Bxh8 Rxc1 22.Rxc1 Kxh8
23.Qh4 Kg7 24.Qb4 h5 25.Nf4 Rd8 26.Rd1 Nxf4 27.Qxf4 Qe7 28.h4 Qf6 29.Qc7 Ba8
30.e4 Qd6 31.Qxd6 Rxd6 32.exd5 Kf6 33.f4 Ke7 34.Kf2 Rd8 35.d6+ Kd7 36.Bh3+ f5
37.g4 Be4 38.gxf5 gxf5 39.Rd4 Kc6 40.d7 Bb1 41.a3 Rxd7 42.Bg2+ Kc7 43.Rxd7+ Kxd7
44.b4 Ba2 45.Ke3 Be6 46.Kd4 Kd6 47.Bb7 Bd7 48.Bxa6 Bc6 49.Bc8 Be4 50.Ke3 b5
51.Kd4 Kc7 52.Be6 Kd6 53.Bb3 Bc6 54.Bc2 Bd7 55.Bd3  1-0

[Event "Strange Badger"]
[Site "Bucharest ROM"]
[Date "2001.08.10"]
[Round "6"]
[White "Vezdeutsan,V"]
[Black "Murariu,A"]
[Result "1/2-1/2"]
[WhiteElo "2264"]
[BlackElo "2287"]

1.Nf3 d5 2.g3 Nf6 3.Bg2 Bf5 4.c4 c6 5.cxd5 cxd5 6.Qb3 Qc8 7.Nc3 e6 8.d3 Nc6
9.Bf4 Qd7 10.Ne5 Nxe5 11.Bxe5 Ng4 12.Bf4 Bc5 13.O-O O-O 14.e4 dxe4 15.dxe4 Bg6
16.Rad1 Qe7 17.e5 Rad8 18.h3 Rxd1 19.Nxd1 Nh6 20.Qxb7 Qxb7 21.Bxb7 Rb8 22.Ba6 Nf5
23.b3 Bb4 24.Nb2 Nd4 25.f3 Rd8 26.Kg2 Nc2 27.Rd1 Rxd1 28.Nxd1 Na1 29.Be3 Bb1
30.Bd4 Nc2 31.Nc3 Bxc3 32.Bxc3 Bxa2 33.b4 Ne3+ 34.Kg1 Bd5 35.f4 Nc4 36.Bxc4 Bxc4  1/2-1/2

[Event "FSGM August"]
[Site "Budapest HUN"]
[Date "2001.08.11"]
[Round "8"]
[White "Drazic,S"]
[Black "Arnold,L"]
[Result "1-0"]
[WhiteElo "2480"]
[BlackElo "2408"]

1.Nf3 d5 2.g3 Bg4 3.Bg2 Nd7 4.h3 Bh5 5.O-O Ngf6 6.d3 e5 7.c4 d4 8.e3 dxe3
9.Bxe3 c6 10.Nc3 Bd6 11.g4 Bg6 12.d4 O-O 13.dxe5 Nxe5 14.Nxe5 Bxe5 15.Qb3 Qc7
16.Rad1 Rfe8 17.Rfe1 h5 18.g5 Nd7 19.Ne2 Rad8 20.c5 Qb8 21.Qb4 Nf8 22.Rxd8 Rxd8
23.Nf4 h4 24.b3 Bf5 25.Qc4 g6 26.Bf3 Bd4 27.Bc1 Qc7 28.Kg2 Bg7 29.Be3 Nd7
30.Ne2 Ne5 31.Qxh4 Nxf3 32.Kxf3 Qa5 33.b4 Qxa2 34.Kg2 Qd5+ 35.Kg1 Re8 36.Ng3 Bc8
37.Kh2 Qf3 38.Re2 Be5 39.Bf4 Qd5 40.Ne4 Re6 41.Bxe5 Qxe5+ 42.Kg2 Qd5 43.f3 Rxe4
44.Rxe4 Be6 45.Qf4 Qa2+ 46.Kg3 Qb1 47.Qe3 Qa2 48.Qd4 Qd5 49.Qxd5 cxd5 50.Rh4 a6
51.Kf4 Bd7 52.Ke5 Bc6 53.Kf6 Bd7 54.Ke7 Bc6 55.Rd4  1-0

[Event "Kochan Mem Open"]
[Site "Koszalin POL"]
[Date "2001.08.11"]
[Round "7"]
[White "Maslowski,M"]
[Black "Olenderek,T"]
[Result "1/2-1/2"]
[WhiteElo "2143"]
[BlackElo "2226"]

1.Nf3 d5 2.g3 Nf6 3.Bg2 e6 4.O-O c5 5.d3 Nc6 6.Nbd2 Be7 7.e4 Qc7 8.Re1 b6
9.e5 Nd7 10.Qe2 Bb7 11.Nf1 h6 12.h4 O-O-O 13.N1h2 Rdg8 14.Ng4 Kb8 15.c3 g5
16.h5 Nd8 17.d4 f5 18.exf6 Nxf6 19.Nxf6 Bxf6 20.Ne5 Bxe5 21.Qxe5 Qxe5 22.dxe5 d4
23.cxd4 Bxg2 24.Kxg2 cxd4 25.b3 Nc6 26.Ba3 Kb7 27.Bd6 g4 28.b4 b5 29.a4 a6
30.Re4 Rg5 31.Rf4 Nxe5 32.Bxe5 Rxe5 33.Rxd4 Rxh5  1/2-1/2

[Event "Nordic Championships"]
[Site "Bergen NOR"]
[Date "2001.08.12"]
[Round "9"]
[White "Holmsten,A"]
[Black "Mitkov,N"]
[Result "0-1"]
[WhiteElo "2436"]
[BlackElo "2547"]

1.Nf3 d5 2.g3 Bg4 3.Bg2 Nd7 4.d4 e6 5.O-O Bd6 6.c4 c6 7.b3 Ne7 8.h3 Bh5 9.Nc3 O-O
10.Bb2 f5 11.Ng5 Rf6 12.f4 h6 13.Nf3 Bxf3 14.Bxf3 g5 15.c5 Bc7 16.e3 Rg6
17.Kf2 Nf6 18.Rh1 Kh7 19.Qe2 Qg8 20.Rag1 Qg7 21.h4 gxh4 22.Rxh4 Rg8 23.Rh3 Ng4+
24.Bxg4 Rxg4 25.Kf1 Ng6 26.Qh2 Nf8 27.Rh1 Rg6 28.Ne2 Nd7 29.Bc3 Nf6 30.Qg2 b6
31.Bb4 Ne4 32.Qh2 Bd8 33.Ke1 Be7 34.Ba3 bxc5 35.Rh5 Bf8 36.Kf1 Rxg3 37.Nxg3 Nxg3+
38.Ke1 Nxh1 39.Qxh1 Qg3+ 40.Kd2  0-1

[Event "Magistral BCX"]
[Site "Brasilia BRA"]
[Date "2001.08.12"]
[Round "9"]
[White "Matsuura,E"]
[Black "Coelho,L"]
[Result "1/2-1/2"]
[WhiteElo "2437"]
[BlackElo "2223"]

1.Nf3 d5 2.g3 Nf6 3.Bg2 g6 4.c4 c6 5.O-O Bg7 6.cxd5 cxd5 7.d4 O-O 8.Ne5 Nfd7
9.f4 e6 10.Nc3 Nc6 11.Be3 Ndxe5  1/2-1/2

[Event "Asian Championships"]
[Site "Calcutta IND"]
[Date "2001.08.12"]
[Round "4"]
[White "Ghaem Maghami,E"]
[Black "Reefat,S"]
[Result "1-0"]
[WhiteElo "2509"]
[BlackElo "2444"]

1.Nf3 d5 2.g3 c6 3.Bg2 Nf6 4.O-O Bf5 5.d3 h6 6.Nbd2 Bh7 7.c4 e6 8.a3 Nbd7
9.b4 Be7 10.Bb2 O-O 11.Qb3 Qb8 12.Rac1 e5 13.cxd5 cxd5 14.Bh3 e4 15.dxe4 dxe4
16.Nd4 Re8 17.Nc4 Bf8 18.Rcd1 Bg6 19.Nb5 Rd8 20.Bc1 a6 21.Nd4 b5 22.Na5 Qe5
23.Ndc6 Qh5 24.Kg2 Re8 25.Bxd7 Nxd7 26.Rxd7 Bf5 27.Rdd1 Qh3+ 28.Kg1 Rac8
29.Nd4  1-0

[Event "Asian Championships"]
[Site "Calcutta IND"]
[Date "2001.08.12"]
[Round "4"]
[White "Kunte,A"]
[Black "Zhang Pengxiang"]
[Result "0-1"]
[WhiteElo "2547"]
[BlackElo "2487"]

1.Nf3 d5 2.g3 Nf6 3.Bg2 c6 4.b3 Bg4 5.Bb2 Nbd7 6.d3 Qc7 7.Nbd2 e5 8.O-O Be7
9.h3 Bh5 10.Nh4 O-O-O 11.Qe1 e4 12.dxe4 Nxe4 13.Nf5 Bb4 14.Bxe4 dxe4 15.a3 Bf8
16.Nc4 Bg6 17.Nce3 Bxf5 18.Nxf5 Rg8 19.Rd1 g6 20.Ne3 f5 21.Nc4 b5 22.Ne3 f4
23.gxf4 g5 24.f5 g4 25.Kh1 g3 26.Rg1 Qf4 27.Qc3 Qh6 28.Rg2 Qxh3+ 29.Kg1 gxf2+
30.Kxf2 Bc5  0-1

[Event "7th Stage Russian Cup"]
[Site "Togliatty RUS"]
[Date "2001.08.12"]
[Round "5"]
[White "Loginov,Va"]
[Black "Riabtsev,K"]
[Result "1-0"]
[WhiteElo "2507"]
[BlackElo "2212"]

1.Nf3 d5 2.g3 Nf6 3.Bg2 c6 4.O-O Bg4 5.c4 e6 6.d3 Nbd7 7.cxd5 Nxd5 8.Nbd2 Be7
9.Nc4 O-O 10.Bd2 Bf6 11.Qc2 Qc7 12.Rac1 N7b6 13.Na5 Rad8 14.b4 Qe7 15.Qb3 Bxf3
16.Bxf3 Be5 17.Rc2 Rd7 18.Rfc1 Bd6 19.a3 h6 20.Re1 Qf6 21.a4 Rfd8 22.Bg2 Qe7
23.Rb1 Qf6 24.d4 Ne7 25.e3 e5 26.b5 exd4 27.bxc6 bxc6 28.Nxc6 Nxc6 29.Rxc6 Rc7
30.Rxc7 Bxc7 31.Rc1 Bd6 32.a5 Nd7 33.exd4 Qxd4 34.Be3 Qe5 35.Bd5 Nf6 36.Bxf7+ Kf8
37.Bg6 Qd5 38.Qxd5 Nxd5 39.Bxa7 Ra8 40.Bc5 Ke7 41.Bxd6+ Kxd6 42.Ra1 Nb4 43.Be4 Ra7
44.Bg2 Kc5 45.Bf1 Nc6 46.a6 Kb6 47.Rb1+ Kc7 48.Kg2 Kd6 49.f4 Re7 50.Kh3 Na7
51.Kg4 Nc6 52.Bg2 Nd4 53.Rd1 Kc5 54.Rxd4 Kxd4 55.Bb7 Kc5 56.a7  1-0

[Event "7th Stage Russian Cup"]
[Site "Togliatty RUS"]
[Date "2001.08.12"]
[Round "5"]
[White "Burmakin,V"]
[Black "Meister,Y"]
[Result "1/2-1/2"]
[WhiteElo "2593"]
[BlackElo "2461"]

1.Nf3 d5 2.g3 Nf6 3.Bg2 Nc6 4.d4 Bf5 5.Ne5 e6 6.Nxc6 bxc6 7.c4 Be4 8.f3 Bxb1
9.Rxb1 c5 10.e4 cxd4 11.cxd5 Bb4+ 12.Bd2 Bxd2+ 13.Qxd2 exd5 14.e5 Nd7 15.Qxd4 c6
16.O-O Qb6 17.Rfd1 Ke7 18.Rbc1 Qxd4+ 19.Rxd4 Nxe5 20.f4 Nc4 21.b3 Nb6 22.Rxc6 Rac8
23.Rxc8 Rxc8 24.Rd2 Rc3 25.Kf2 a5  1/2-1/2

[Event "FSIMA August"]
[Site "Budapest HUN"]
[Date "2001.08.13"]
[Round "10"]
[White "Pirisi,G"]
[Black "Kummer,Hel"]
[Result "0-1"]
[WhiteElo "2288"]
[BlackElo "2386"]

1.Nf3 d5 2.g3 c6 3.Bg2 Nf6 4.O-O Bf5 5.c4 e6 6.b3 h6 7.Bb2 Be7 8.d3 O-O 9.Nbd2 Nbd7
10.Nd4 Bh7 11.e4 Nc5 12.Qe2 Qb6 13.f4 Na4 14.bxa4 Qxb2 15.N4b3 dxe4 16.dxe4 Qa3
17.f5 exf5 18.e5 Nd7 19.e6 Nc5 20.Nd4 fxe6 21.Nxe6 Nxe6 22.Qxe6+ Rf7 23.Ne4 Rf8
24.Rf3 Qb2 25.Raf1 Qd4+ 26.Nf2 Qd6 27.Qe2 Bf6 28.Rb3 Bd4 29.Bh3 Re7 30.Qh5 Bg6
31.c5 Bxc5 32.Qf3 Bf7 33.Rd3 Bd5 34.Qh5 Qe6 35.g4 fxg4 36.Bxg4 Bxf2+ 37.Rxf2 Qe1+
38.Rf1 Qxf1+  0-1

[Event "Asian Championships"]
[Site "Calcutta IND"]
[Date "2001.08.13"]
[Round "6"]
[White "Ghaem Maghami,E"]
[Black "Barsov,A"]
[Result "1/2-1/2"]
[WhiteElo "2509"]
[BlackElo "2495"]

1.Nf3 d5 2.g3 Bg4 3.Bg2 e6 4.O-O Nd7 5.d3 Bd6 6.Nbd2 Ne7 7.b3 O-O 8.Bb2 c6
9.c4 a5 10.a3 b5 11.Qc2 e5 12.h3 Bh5 13.g4 Bg6 14.Nh4 Rc8 15.e3 Nc5 16.Nxg6 Nxg6
17.b4  1/2-1/2

[Event "Lost Boys Open"]
[Site "Amsterdam NED"]
[Date "2001.08.14"]
[Round "5"]
[White "Ree,H"]
[Black "Konings,L"]
[Result "1-0"]
[WhiteElo "2421"]
[BlackElo "2293"]

1.Nf3 d5 2.g3 c5 3.Bg2 Nc6 4.O-O Nf6 5.d3 g6 6.Nbd2 Bg7 7.e4 dxe4 8.dxe4 O-O
9.c3 Ng4 10.Qe2 Nge5 11.Ne1 g5 12.f4 gxf4 13.gxf4 Ng6 14.Ndf3 Qc7 15.f5 Nf4
16.Bxf4 Qxf4 17.Nd3 Qd6 18.Rad1 c4 19.Nf2 Qc5 20.Kh1 e6 21.Bh3 Re8 22.Rg1 exf5
23.Rg2 f6 24.Nh4 Be6 25.Rdg1 Re7 26.Bxf5 Nd8 27.Qh5 Kf8 28.Qxh7 Bg8 29.Ng6+ Kf7
30.Qh5 Rc7 31.Nf4+ Kf8 32.Rxg7 Rxg7 33.Qh6 Qc7 34.Nh5  1-0

[Event "Strange Badger"]
[Site "Bucharest ROM"]
[Date "2001.08.14"]
[Round "10"]
[White "Vezdeutsan,V"]
[Black "Manea,A"]
[Result "1-0"]
[WhiteElo "2264"]
[BlackElo "2293"]

1.Nf3 d5 2.g3 Nf6 3.Bg2 e6 4.b3 a5 5.O-O Be7 6.c4 O-O 7.Bb2 a4 8.d3 Nc6 9.Na3 d4
10.bxa4 e5 11.Nb5 Nd7 12.e3 Nb6 13.a5 Rxa5 14.a4 Bg4 15.exd4 Nxd4 16.Bc3 Ra6
17.a5 Nd7 18.Nbxd4 exd4 19.Bxd4 Nc5 20.Bxc5 Bxc5 21.Qb3 Bxf3 22.Bxf3 Rf6
23.Qxb7 c6 24.Be4 Rxf2 25.Rxf2 Bxf2+ 26.Kg2 f5 27.Bxc6 Qxd3 28.Bd5+ Kh8 29.Qe7 Rb8
30.Qc7 Re8 31.Qf7 Qe2 32.Ra2  1-0

[Event "7th Stage Russian Cup"]
[Site "Togliatty RUS"]
[Date "2001.08.14"]
[Round "7"]
[White "Khamidulin,V"]
[Black "Kolesnikov,E"]
[Result "1/2-1/2"]
[WhiteElo "2213"]
[BlackElo "2361"]

1.Nf3 d5 2.g3 Nf6 3.Bg2 e6 4.O-O b6 5.d4 Bb7 6.c4 Be7 7.cxd5 exd5 8.Nc3 O-O
9.Bf4 Ne4 10.Rc1 Bd6 11.Bxd6 cxd6 12.Qb3 Nxc3 13.Rxc3 Nd7 14.Rfc1 Nf6 15.e3 Ne4
16.R3c2 a5 17.Rc7 Nc5 18.Qxb6 Ra6 19.dxc5 Rxb6 20.cxb6 Qb8 21.Nd4 h5 22.Nc6 Qa8
23.Bxd5 Kh7 24.e4 Qa6 25.Ne7 Bxd5 26.Nxd5 h4 27.R1c4 Qb5 28.b3 h3 29.b7 Rb8
30.Nc3 Qa6 31.e5 Rxb7 32.exd6 Rb4 33.d7 Qd6 34.Kf1 Rxc4 35.Rxc4 Qxd7 36.Ke2 Qe7+
37.Re4 Qc5 38.Re3 Qc6 39.f3 Qd6 40.Ne4 Qd4 41.Ng5+ Kg6 42.Nxh3 Qb2+ 43.Kf1 Qxh2
44.Nf4+ Kh7 45.Ne2 Qh1+ 46.Kf2 Qb1 47.a4 Qc2 48.Rc3 Qd2 49.Rc5 g6 50.Rb5 Qc2
51.g4 Kg7 52.g5 Qc7 53.Ng3 f5 54.gxf6+ Kxf6 55.Ne4+ Ke7 56.Kg2 Qc2+ 57.Kg3 Qc1
58.Kg4 Qg1+ 59.Kf4 Qc1+ 60.Kg3 Qg1+ 61.Kf4 Qc1+  1/2-1/2

[Event "7th Stage Russian Cup"]
[Site "Togliatty RUS"]
[Date "2001.08.14"]
[Round "7"]
[White "Kokarev,D"]
[Black "Popov,Val"]
[Result "1-0"]
[WhiteElo "2463"]
[BlackElo "2559"]

1.g3 d5 2.Nf3 c5 3.Bg2 Nf6 4.O-O g6 5.d3 Bg7 6.Nc3 Nc6 7.a3 O-O 8.Rb1 a5
9.a4 h6 10.e4 e6 11.Re1 b6 12.Nb5 e5 13.exd5 Nxd5 14.Nd2 Be6 15.Nc4 Rb8 16.b3 Qd7
17.Bb2 f6 18.c3 f5 19.d4 cxd4 20.cxd4 e4 21.f3 exf3 22.Qxf3 Rfd8 23.Ncd6 Ncb4
24.Ba3 Bf8 25.Qe2 Bf7 26.Bxb4 Nxb4 27.Nxf7 Qxf7 28.Qe6 Nc2 29.Qxf7+ Kxf7
30.Red1 Nxd4 31.Rxd4 Bc5 32.Rd1 Rxd4 33.Nxd4 Rd8 34.Bf1 Bxd4+ 35.Kg2 Kf6
36.Bc4 g5 37.h3 f4 38.gxf4 gxf4 39.Kf3 Ke5 40.Rd2 Rd7 41.Bb5 Rc7 42.Bc4 Rc6
43.h4 Rf6 44.Bg8 Rg6 45.Rg2 Rc6 46.Bc4 Be3 47.h5 Rd6 48.Rg6 Rd2 49.Rxh6 Rf2+
50.Kg4 Rg2+ 51.Kh3 Rg3+ 52.Kh2 Bg1+ 53.Kh1 Bd4 54.Kh2 Rg5 55.Be2 Ke4 56.Rg6 Rc5
57.Re6+  1-0

[Event "TCh-ESP Div 2"]
[Site "Vila Real ESP"]
[Date "2001.08.14"]
[Round "2"]
[White "Ugalde Ezcurra,J"]
[Black "Sanchez Criado,L"]
[Result "1-0"]
[WhiteElo "2074"]
[BlackElo "2205"]

1.Nf3 d5 2.g3 Nf6 3.Bg2 c6 4.O-O Bf5 5.d3 h6 6.Nbd2 e6 7.Qe1 Be7 8.e4 Bh7
9.Qe2 O-O 10.e5 Nfd7 11.Re1 c5 12.h4 Nc6 13.Nf1 Rc8 14.N1h2 d4 15.Ng4 Kh8
16.Bf4 Nb6 17.Qd2 h5 18.Ngh2 Nd5 19.Bg5 Bf5 20.Bxe7 Qxe7 21.Ng5 Rfd8 22.Bf3 Bg4
23.Nxg4 hxg4 24.Bxg4 Kg8 25.Qe2 Kf8 26.Qe4 g6 27.Bxe6 fxe6 28.Qxg6 Qe8 29.Qh6+ Kg8
30.Qh7+  1-0

[Event "TCh-Rep. Srpska"]
[Site "Jahorina BIH"]
[Date "2001.08.15"]
[Round "5"]
[White "Blagojevic,D"]
[Black "Stojanovic,Do"]
[Result "1-0"]
[WhiteElo "2486"]
[BlackElo "2301"]

1.Nf3 d5 2.g3 Bg4 3.Bg2 Nd7 4.c4 c6 5.cxd5 cxd5 6.Qa4 Bxf3 7.Bxf3 Nf6 8.Nc3 e6
9.d3 Be7 10.O-O O-O 11.Bf4 a6 12.Rfc1 Qb6 13.Be3 Bc5 14.Bxc5 Nxc5 15.Qc2 Ncd7
16.Na4 Qa7 17.Qc7 b5 18.Qxa7 Rxa7 19.Nc5 Rb8 20.Nb3 a5 21.Rc2 g5 22.Nd4 Kg7
23.Rac1 Rb6 24.Bg2 b4 25.f4 h6 26.Bf3 a4 27.Rc8 a3 28.b3 Rb8 29.Kf2 Rab7
30.e4 dxe4 31.dxe4 Rxc8 32.Rxc8 e5 33.Nf5+ Kh7 34.Ke3 Rb6 35.Rc4 gxf4+ 36.gxf4 Ne8
37.Rc2 Nef6 38.Rc4 Ne8 39.Rc8 Nd6 40.Nxd6 Rxd6 41.Rd8 exf4+ 42.Ke2 Rd4 43.Bg4 Rxe4+
44.Kf3 Re1 45.Rxd7 Rf1+ 46.Ke4 Ra1 47.Kf5 Rxa2 48.Kf6 Rg2 49.Rxf7+ Kg8 50.Be6 Re2
51.Rd7+  1-0

[Event "ch-EST"]
[Site "Puhajarve EST"]
[Date "2001.08.15"]
[Round "8"]
[White "Kengis,E"]
[Black "Kanep,M"]
[Result "1-0"]
[WhiteElo "2572"]
[BlackElo "2318"]

1.Nf3 d5 2.g3 c5 3.Bg2 Nc6 4.d4 Nf6 5.O-O e6 6.c4 dxc4 7.dxc5 Qxd1 8.Rxd1 Bxc5
9.Nbd2 Nd5 10.Nxc4 b5 11.e4 Nf6 12.Be3 Bxe3 13.Nxe3 Rb8 14.Rac1 Bb7 15.e5 Nd7
16.Ng5 Ndxe5 17.f4 Nc4 18.Nxc4 bxc4 19.Rxc4 Na5 20.Rc7 Bxg2 21.Kxg2 Rxb2+
22.Kh3 O-O 23.Rdd7 h6 24.Nxf7 Rb7 25.Nxh6+ gxh6 26.Rg7+ Kh8 27.Rxb7 Nxb7
28.Rxb7  1-0

[Event "7th Stage Russian Cup"]
[Site "Togliatty RUS"]
[Date "2001.08.15"]
[Round "8"]
[White "Arbakov,V"]
[Black "Torbin,K"]
[Result "1/2-1/2"]
[WhiteElo "2454"]
[BlackElo "2323"]

1.Nf3 d5 2.g3 c6 3.Bg2 Bg4 4.h3 Bh5 5.b3 Nd7 6.Bb2 Ngf6 7.d3 e6 8.Nbd2 Bd6
9.O-O O-O 10.e4 dxe4 11.dxe4 Be5 12.Qc1 Bxb2 13.Qxb2 Bxf3 14.Bxf3 e5 15.Nc4 Qe7
16.b4 Qe6 17.Qc3 Qxh3 18.Nxe5 Nxe5 19.Qxe5 Ng4 20.Bxg4 Qxg4 21.f3 Rae8 22.Qf4 Qe6
23.g4 Qc4 24.Qe3 f5 25.gxf5 Rxf5 26.Qb3 Rg5+ 27.Kf2 Qf7 28.Rad1 Rge5 29.Rd7 R5e7
30.Rfd1 Qxb3 31.axb3 Kf7 32.Ke3 Rxd7 33.Rxd7+ Re7 34.Rd8 g5 35.b5 cxb5 36.Rd5 Kg6
37.Rxb5 h5 38.Rd5 h4 39.Rd6+ Kf7 40.c4 Re6 41.Rd5 Kf6 42.c5 b6 43.b4 bxc5
44.bxc5 a5 45.Rf5+ Kg6 46.Rf8 Ra6 47.Rb8 a4 48.Rb6+ Rxb6 49.cxb6 a3 50.b7 a2
51.b8=Q a1=Q 52.Qe8+ Kg7 53.Qd7+ Kg6 54.Qf5+ Kh6 55.Qe6+ Kg7 56.Qd7+ Kg6
57.Qf5+ Kh6 58.Qe6+ Kg7 59.Qd7+ Kg6  1/2-1/2

[Event "TCh-ESP Div 2"]
[Site "Vila Real ESP"]
[Date "2001.08.15"]
[Round "3"]
[White "Garcia Luque,A"]
[Black "Iruzubieta,J"]
[Result "1/2-1/2"]
[WhiteElo "2409"]
[BlackElo "2414"]

1.Nf3 d5 2.g3 c6 3.Bg2 Bg4 4.d3 e6 5.Nbd2 Bd6 6.h3 Bh5 7.O-O Ne7 8.e4 Nd7
9.Qe2 O-O 10.g4 Bg6 11.e5 Bc7 12.Re1 c5 13.b3 Nc6 14.Bb2 Rc8 15.a3 b5 16.Nf1 d4
17.b4 Ncxe5 18.N3d2 c4 19.Bxd4 cxd3 20.cxd3 Nxd3 21.Red1 Bb6 22.Nb3 Nf4 23.Qf3 Nxg2
24.Kxg2 Bc2 25.Rd2 Bxb3 26.Qxb3 Bxd4 27.Rxd4 Qb6 28.Rad1 Ne5 29.Qe3 Nc4 30.Qf3 h6
31.Ne3 Nxa3 32.Nd5 exd5 33.Qxa3 Rc2 34.Qf3 a5 35.bxa5 Qxa5 36.Rxd5 Qb6 37.Rf5 b4
38.Rd7 Qe6 39.Rb7 Rc3 40.Qd5 b3 41.Re5  1/2-1/2

[Event "7th Stage Russian Cup"]
[Site "Togliatty RUS"]
[Date "2001.08.16"]
[Round "9"]
[White "Loginov,Va"]
[Black "Geller,J"]
[Result "1/2-1/2"]
[WhiteElo "2507"]
[BlackElo "2355"]

1.Nf3 d5 2.g3 Nf6 3.Bg2 e6 4.O-O Nbd7 5.d3 Bd6 6.c4 O-O 7.Nc3 c6 8.cxd5 exd5
9.e4 dxe4 10.dxe4 Ne5 11.Bf4 Nxf3+ 12.Qxf3 Bg4 13.Qe3 Bxf4 14.Qxf4 Qd4 15.h3 Be6
16.Rad1 Qb4 17.Rd2 Rfd8 18.Rfd1 Rxd2 19.Rxd2 Qe7 20.Qe3 Nd7 21.f4 Nb6 22.b3 Rd8
23.Rxd8+ Qxd8 24.e5 Nd5 25.Qd4 Qa5 26.Bxd5 cxd5 27.g4 g6 28.a4 Qd8 29.Kg2 h5
30.Ne4 Qh4 31.Nf6+ Kg7 32.Qb4 hxg4 33.Ne8+ Kh7 34.Nf6+ Kg7 35.Ne8+ Kg8 36.Nf6+ Kg7  1/2-1/2

[Event "Lost Boys Open"]
[Site "Amsterdam NED"]
[Date "2001.08.17"]
[Round "7"]
[White "Piket,Je"]
[Black "Jonkman,H"]
[Result "1-0"]
[WhiteElo "2630"]
[BlackElo "2468"]

1.Nf3 d5 2.g3 Bg4 3.Bg2 Nd7 4.d3 c6 5.O-O Ngf6 6.c4 e6 7.cxd5 exd5 8.Nc3 Bc5
9.Qb3 Bb6 10.Na4 O-O 11.Nxb6 axb6 12.Qc2 Bxf3 13.Bxf3 Ne5 14.Bg2 d4 15.b4 Qe7
16.Bd2 Rad8 17.a4 Nd5 18.Qb2 f5 19.Qxd4 Ng4 20.h3 Qxe2 21.Bg5 Ngf6 22.Rfe1 Qh5
23.Bxf6 Rxf6 24.Re7 f4 25.g4 Qh4 26.Rae1 f3 27.Bxf3 Rdf8 28.Bxd5+ cxd5 29.Rxb7 Qxf2+
30.Qxf2 Rxf2 31.Ree7 Rf1+ 32.Kg2 R8f2+ 33.Kg3 Rf3+ 34.Kh4 Kf8 35.Rxg7 Rxd3
36.Rxh7 Kg8 37.Rhg7+ Kf8 38.Rgd7 Re3 39.Rxb6 Re8 40.Rxd5  1-0

[Event "Asian Championships"]
[Site "Calcutta IND"]
[Date "2001.08.17"]
[Round "11"]
[White "Wohl,A"]
[Black "Liu Dede"]
[Result "1-0"]
[WhiteElo "2371"]
[BlackElo "2402"]

1.Nf3 d5 2.g3 c5 3.Bg2 Nc6 4.d4 Bg4 5.Ne5 Nxe5 6.dxe5 e6 7.c4 Ne7 8.O-O Qd7
9.Nc3 d4 10.Ne4 Nc6 11.h3 Bf5 12.f4 Be7 13.Nd6+ Bxd6 14.exd6 f6 15.e4 Bg6
16.b4 Nxb4 17.f5 Bf7 18.e5 exf5 19.exf6 O-O 20.fxg7 Kxg7 21.Bf4 Rae8 22.Rb1 Nc6
23.Qa4 Re2 24.Qb5 Rfe8 25.Qxb7 Qxb7 26.Rxb7 Nd8 27.Rxa7 Kf6 28.d7 Rg8 29.Bf3 Rb2
30.Re1 Bxc4 31.Re8 Rxa2 32.Rxa2 Bxa2 33.Bc7 Kf7 34.Bh5+ Kg7 35.Bxd8 Be6 36.Rxg8+ Kxg8
37.Be8  1-0

[Event "I American Continental"]
[Site "Cali COL"]
[Date "2001.08.17"]
[Round "8"]
[White "Shabalov,A"]
[Black "Abreu,A"]
[Result "1-0"]
[WhiteElo "2574"]
[BlackElo "2488"]

1.Nf3 d5 2.g3 Nf6 3.Bg2 c6 4.O-O Bg4 5.c4 e6 6.cxd5 exd5 7.d3 Nbd7 8.Nc3 Bc5
9.Qb3 Qb6 10.Qc2 Qd8 11.Rb1 a5 12.e4 O-O 13.Bf4 Re8 14.Rbe1 dxe4 15.dxe4 Nh5
16.Bg5 Qc7 17.Kh1 h6 18.Bc1 Rad8 19.a3 Nf8 20.h3 Bc8 21.e5 f5 22.Na4 Ba7
23.Nc5 Qf7 24.b4 Ne6 25.Nxe6 Bxe6 26.bxa5 Bc4 27.e6 Bxe6 28.Ne5 Qc7 29.a6 Bd4
30.Nf3 Ba7 31.axb7 Qxb7 32.Ne5 Qb3 33.Qe2 Nf6 34.Qa6 Bd4 35.Nxc6 Bc4 36.Rxe8+ Rxe8
37.Nxd4 Qa2 38.Qd6 Bxf1 39.Bxf1 Qxf2 40.Qf4 Qxf4 41.Bxf4 Re1 42.Kg2 Ra1 43.Nc2 Rb1
44.Bd3 Ne4 45.Kf3 Rb3 46.Ke2 Kh7 47.Be5 g6 48.Bxe4 fxe4 49.a4 h5 50.a5 Rb5
51.Bc3 Rc5 52.Kd2 h4 53.g4 Rc6 54.Nb4 e3+ 55.Kd3 Rc5 56.Nc2 e2 57.Be1 Kh6
58.a6  1-0